000 00568nam a22001697a 4500
003 MACL
005 20160503110459.0
008 160503b xxu||||| |||| 00| 0 eng d
040 _cMACL
041 _aHindi
082 _a800 SHR
100 _aश्रीवास्‍तव, एकान्‍त
_954889
245 _aनवलेखन के रंग
_cएकान्‍त श्रीवास्‍तव
260 _aकोलकाता
_bभारतीय भाषा परिषद
_c2008
650 _aLiterature
_954890
942 _2ddc
_cHIN
999 _c53896
_d53896